Central Library OPAC University of Rajshahi

নাট্যতত্ত্ব ও নাট্যমঞ্চ / (Record no. 39583)

MARC details
000 -LEADER
fixed length control field 00940nam a2200241 a 4500
001 - CONTROL NUMBER
control field 39583
003 - CONTROL NUMBER IDENTIFIER
rucl marc code BD-RjUL
005 - DATE AND TIME OF LATEST TRANSACTION
control field 20211209053024.0
008 - FIXED-LENGTH DATA ELEMENTS--GENERAL INFORMATION
fixed length control field 160412m20101991bg ||||| |||| 00| 0 ben d
020 ## - INTERNATIONAL STANDARD BOOK NUMBER
International Standard Book Number 8176121029
Terms of availability : IRs. 140.00
035 ## - SYSTEM CONTROL NUMBER
System control number (BD-RjUL)39696
040 ## - CATALOGING SOURCE
Original cataloging agency BD-RjUL
Language of cataloging ben
Transcribing agency BD-RjUL
Modifying agency BD-RjUL
041 ## - LANGUAGE CODE
Language code of text/sound track or separate title ben
082 ## - DEWEY DECIMAL CLASSIFICATION NUMBER
Edition number 23
Classification number 891.442009
Author mark and year GHN 2010
100 ## - MAIN ENTRY--PERSONAL NAME
Personal name ঘোষ, অজিতকুমার
9 (RLIN) 121928
245 10 - TITLE STATEMENT
Title নাট্যতত্ত্ব ও নাট্যমঞ্চ /
Statement of responsibility, etc. অজিতকুমার ঘোষ
250 ## - EDITION STATEMENT
Edition statement ৪র্থ সংস্করণ
260 ## - PUBLICATION, DISTRIBUTION, ETC. (IMPRINT)
Place of publication, distribution, etc. কলকাতা :
Name of publisher, distributor, etc. দে'জ পাবলিশিং,
Date of publication, distribution, etc. ২০১০.
300 ## - PHYSICAL DESCRIPTION
Pagination [৮], ২৩৬ পৃ. ;
Size ২২ সেমি.
650 ## - SUBJECT ADDED ENTRY--TOPICAL TERM
Topical term or geographic name as entry element বাংলা নাটক -- ইতিহাস ও সমালোচনা
9 (RLIN) 121929
Topical term or geographic name as entry element Bengali Drama -- History and Criticism
9 (RLIN) 120926
942 ## - ADDED ENTRY ELEMENTS (KOHA)
Source of classification or shelving scheme Dewey Decimal Classification
Koha item type Books
Holdings
Lost status Source of classification or shelving scheme Damaged status Not for loan Collection code Permanent Location Current Location Shelving location Date acquired Source of acquisition Cost, normal purchase price Total Checkouts Full call number Date last seen Copy number Koha item type Date checked out
  Dewey Decimal Classification   Not For Loan Non-fiction Central Library, University of Rajshahi Central Library, University of Rajshahi Reading Room 05/07/2015 Batighor, Chittagong. 308.00   B 891.442009 GHN 2010 12/04/2016 C-1 Books  
  Dewey Decimal Classification     Non-fiction Central Library, University of Rajshahi Central Library, University of Rajshahi   05/07/2015 Batighor, Chittagong. 308.00 1 B 891.442009 GHN 2010 24/06/2018 C-2 Books 28/05/2018
  Dewey Decimal Classification     Non-fiction Central Library, University of Rajshahi Central Library, University of Rajshahi   05/07/2015 Batighor, Chittagong. 308.00   B 891.442009 GHN 2010 12/04/2016 C-3 Books  
  Dewey Decimal Classification     Non-fiction Central Library, University of Rajshahi Central Library, University of Rajshahi   27/04/2013 Space marketing com., Dhaka 280.00   B 891.442009 GHN 2010 13/08/2016 C-4 Books  
  Dewey Decimal Classification     Non-fiction Central Library, University of Rajshahi Central Library, University of Rajshahi   21/03/2006 Paragon Enterprises Dhaka 80.00   B 891.442009 GHN 1997 30/10/2016 C-5 Books